[Event "Titled Tuesday intern op 03rd Jan Late"]
[Site "Chess.com INT"]
[Date "2025.06.03"]
[Round "3"]
[White "Calvo Gonzalez, Jose Felix"]
[Black "Kleimenov, Nikolay"]
[Result "1/2-1/2"]
[WhiteElo "2168"]
[BlackElo "2198"]
[PlyCount "140"]
[EventDate "2025.06.03"]
[EventType "swiss (blitz)"]
[EventRounds "11"]
[EventCountry "USA"]
[SourceTitle "CB24_2025"]
[SourceDate "2025.06.11"]
[SourceVersion "1"]
[SourceVersionDate "2025.06.11"]
[SourceQuality "1"]

1. e4 c5 2. Nf3 d6 3. d4 cxd4 4. Nxd4 Nf6 5. Nc3 g6 6. Be3 Bg7 7. f3 Nc6 8. Qd2 0-0 9. Bc4 Nxd4 10. Bxd4 Be6 11. Bb3 Qa5 12. 0-0-0 b5 13. Kb1 b4 14. Nd5 Bxd5 15. Bxd5 Nxd5 16. Bxg7 Kxg7 17. Qxd5 Qxd5 18. Rxd5 Rfc8 19. Re1 Rc7 20. e5 dxe5 21. Rdxe5 e6 22. Rd1 Rac8 23. Rd2 Rc5 24. Re4 a5 25. b3 R8c6 26. Rde2 Rd5 27. Kc1 Rcd6 28. Re1 Kf6 29. Rf4+ Ke7 30. Rfe4 h5 31. Re5 Rd2 32. R5e2 Rxe2 33. Rxe2 Rd5 34. c4 bxc3 35. Kc2 Rc5 36. Re3 h4 37. g3 h3 38. Rxc3 Re5 39. Kd2 Rd5+ 40. Rd3 Rc5 41. Rc3 Re5 42. Re3 Rf5 43. f4 g5 44. Re5 Rf6 45. Rxg5 Rh6 46. Rxa5 Rh8 47. Rc5 Rd8+ 48. Ke2 Kd6 49. Rc4 Kd5 50. a4 Rb8 51. Rc3 Kd4 52. Kd2 Rb4 53. Rc4+ Rxc4 54. bxc4 Kxc4 55. Ke3 Kb4 56. Ke4 Kxa4 57. Ke5 Kb4 58. Kf6 Kc4 59. Kxf7 Kd5 60. Kf6 Ke4 61. Kxe6 Kf3 62. f5 Kg2 63. f6 Kxh2 64. f7 Kg2 65. f8Q h2 66. Qh6 Kxg3 67. Qc1 Kg2 68. Qc6+ Kg1 69. Qf3 h1Q 70. Qxh1+ Kxh1 1/2-1/2

[Event "Titled Tuesday intern op 03rd Jan Late"]
[Site "Chess.com INT"]
[Date "2025.06.03"]
[Round "1"]
[White "Ngo, Quang Thai"]
[Black "Kleimenov, Nikolay"]
[Result "0-1"]
[WhiteElo "2341"]
[BlackElo "2198"]
[PlyCount "60"]
[EventDate "2025.06.03"]
[EventType "swiss (blitz)"]
[EventRounds "11"]
[EventCountry "USA"]
[SourceTitle "CB24_2025"]
[SourceDate "2025.06.11"]
[SourceVersion "1"]
[SourceVersionDate "2025.06.11"]
[SourceQuality "1"]

1. d4 Nf6 2. Nf3 g6 3. c3 Bg7 4. Bf4 0-0 5. Nbd2 d6 6. e4 Re8 7. Be2 Nbd7 8. h3 e5 9. dxe5 dxe5 10. Be3 c6 11. 0-0 Qe7 12. Qc2 Nc5 13. Rfe1 b6 14. b4 Nb7 15. a4 Nd6 16. a5 Rb8 17. axb6 axb6 18. Bf1 Nh5 19. Nc4 Nxc4 20. Bxc4 Be6 21. Bxe6 Qxe6 22. Ra7 Qc4 23. Ng5 Rf8 24. Rd1 h6 25. Nf3 Rfd8 26. Rxd8+ Rxd8 27. Bxb6 Rd3 28. Qa2 Rd1+ 29. Kh2 Qf1 30. Qxf7+ Kh7 0-1

[Event "Titled Tuesday intern op 04th Mar Early"]
[Site "Chess.com INT"]
[Date "2025.03.04"]
[Round "6"]
[White "Ashraf, Artin"]
[Black "Kleimenov, Nikolay"]
[Result "1-0"]
[WhiteElo "2407"]
[BlackElo "2081"]
[PlyCount "51"]
[EventDate "2025.03.04"]
[EventType "swiss (blitz)"]
[EventRounds "11"]
[EventCountry "USA"]
[SourceTitle "CB11_2025"]
[SourceDate "2025.03.12"]
[SourceVersion "1"]
[SourceVersionDate "2025.03.12"]
[SourceQuality "1"]

1. d4 Nf6 2. c4 g6 3. Nc3 Bg7 4. e4 d6 5. Nge2 0-0 6. Ng3 Nbd7 7. h4 h5 8. Be2 c5 9. d5 a6 10. Bg5 Rb8 11. a4 Ne5 12. f4 Neg4 13. f5 Nh7 14. Bxg4 hxg4 15. Qxg4 Qb6 16. Qe2 Be5 17. Kf2 f6 18. Bh6 Rd8 19. a5 Qb3 20. Ra3 Qb4 21. fxg6 Nf8 22. h5 Bxc3 23. Rxc3 Qxa5 24. Bxf8 Rxf8 25. h6 f5 26. g7 1-0

[Event "Titled Tuesday intern op 04th Mar Early"]
[Site "Chess.com INT"]
[Date "2025.03.04"]
[Round "8"]
[White "Kleimenov, Nikolay"]
[Black "Bluebaum, Matthias"]
[Result "1-0"]
[WhiteElo "2081"]
[BlackElo "2643"]
[PlyCount "211"]
[EventDate "2025.03.04"]
[EventType "swiss (blitz)"]
[EventRounds "11"]
[EventCountry "USA"]
[SourceTitle "CB11_2025"]
[SourceDate "2025.03.12"]
[SourceVersion "1"]
[SourceVersionDate "2025.03.12"]
[SourceQuality "1"]

1. e4 e6 2. d4 d5 3. Nc3 Nf6 4. Bg5 dxe4 5. Nxe4 Be7 6. Nxf6+ Bxf6 7. Bxf6 Qxf6 8. Nf3 0-0 9. c3 b6 10. Bd3 Bb7 11. Qe2 Bxf3 12. gxf3 Nd7 13. 0-0-0 Rad8 14. h4 c5 15. Bc2 cxd4 16. Rxd4 Nc5 17. Rhd1 g6 18. b4 Nb7 19. Qe4 Qe7 20. h5 Rxd4 21. Rxd4 Rd8 22. hxg6 hxg6 23. Rxd8+ Nxd8 24. Kb2 Qc7 25. Ba4 Nb7 26. Qd4 Nd6 27. Bb3 Nf5 28. Qd2 Kg7 29. Bc2 Nd6 30. Bb3 Kg8 31. a3 Nf5 32. Bc2 Ne7 33. Bb3 Nc6 34. Qe3 Kg7 35. Qe4 Qd6 36. Qe2 Ne5 37. Kc2 Nc6 38. Qe4 Qc7 39. Kb2 Ne7 40. Qd4+ Kg8 41. Bc2 Nd5 42. Bb3 Nf4 43. Bc2 Nh5 44. Be4 Qf4 45. Qd8+ Kg7 46. Qd4+ Nf6 47. Kb3 g5 48. Kc4 g4 49. Kb5 gxf3 50. Bc6 Qf5+ 51. Ka6 e5 52. Qe3 e4 53. Kxa7 b5 54. Kb6 Qe5 55. Ka5 Nd5 56. Bxd5 Qxd5 57. Qf4 f5 58. Qg5+ Kf7 59. Qh5+ Ke7 60. Qh7+ Qf7 61. Qh4+ Qf6 62. Qh7+ Kd6 63. Qb7 Qxc3 64. Qb6+ Qc6 65. Qd4+ Ke6 66. Qh8 Qd7 67. Qh6+ Ke5 68. Qh8+ Kd5 69. Qc3 Ke6 70. Qh8 Qc6 71. Qh6+ Kd5 72. Qf8 Kc4 73. Qxf5 Qc7+ 74. Ka6 Qc6+ 75. Ka5 e3 76. Qf4+ Kb3 77. Qxe3+ Ka2 78. Qd2+ Kb3 79. Qe3+ Ka2 80. Qc5 Qa8+ 81. Kxb5 Kxa3 82. Kb6 Qb8+ 83. Ka5 Qa8+ 84. Kb5 Qb8+ 85. Kc4 Qg8+ 86. Kd3 Qh7+ 87. Ke3 Qf7 88. b5+ Ka4 89. b6 Qb3+ 90. Ke4 Qf7 91. Qd4+ Kb5 92. Qd5+ Qxd5+ 93. Kxd5 Kxb6 94. Ke4 Kc5 95. Kxf3 Kd5 96. Kg4 Ke5 97. Kg5 Ke4 98. f4 Kd5 99. f5 Kd6 100. f6 Kd7 101. Kg6 Ke8 102. Kg7 Kd7 103. f7 Ke6 104. f8Q Ke5 105. Qf6+ Ke4 106. Kg6 1-0

[Event "Titled Tuesday intern op 25th Feb Early"]
[Site "Chess.com INT"]
[Date "2025.02.25"]
[Round "1"]
[White "Eilers, Stefan"]
[Black "Kleimenov, Nikolay"]
[Result "0-1"]
[WhiteElo "2280"]
[BlackElo "2137"]
[PlyCount "112"]
[EventDate "2025.02.25"]
[EventType "swiss (blitz)"]
[EventRounds "11"]
[EventCountry "USA"]
[SourceTitle "CB10_2025"]
[SourceDate "2025.03.05"]
[SourceVersion "1"]
[SourceVersionDate "2025.03.05"]
[SourceQuality "1"]

1. d4 Nf6 2. Nc3 d5 3. Bf4 c5 4. e3 cxd4 5. exd4 a6 6. Nf3 Nc6 7. Ne5 Bd7 8. Be2 Qb6 9. Nxc6 Bxc6 10. Rb1 e6 11. 0-0 Rd8 12. a3 Bd6 13. Bg5 Be7 14. Re1 h6 15. Bh4 g5 16. Bg3 Ne4 17. Be5 Rg8 18. Nxe4 dxe4 19. Bh5 Kf8 20. c3 f6 21. Bg3 Kg7 22. Qc2 Bd6 23. Rxe4 Bxe4 24. Qxe4 Kh8 25. Qxe6 Bc7 26. Qxb6 Bxb6 27. Re1 Rg7 28. Re6 Bc7 29. Rxf6 Kh7 30. Bxc7 Rxc7 31. Rf7+ Rxf7 32. Bxf7 Kg7 33. Bc4 Kf6 34. Kf1 Rc8 35. Bd3 Re8 36. c4 Rd8 37. d5 Ke5 38. Ke2 Kd4 39. Kd2 Rf8 40. f3 g4 41. Be2 gxf3 42. gxf3 Rf4 43. b4 Rh4 44. d6 Ke5 45. c5 Ke6 46. Ke3 Rxh2 47. Bc4+ Kd7 48. Bd3 Ra2 49. Bf5+ Kd8 50. Kd4 Rxa3 51. Bg4 Ra4 52. Kc3 Ra1 53. Kc4 Rh1 54. Bf5 h5 55. b5 Rh4+ 56. Kd5 axb5 0-1

[Event "Titled Tuesday intern op 25th Feb Early"]
[Site "Chess.com INT"]
[Date "2025.02.25"]
[Round "2"]
[White "Kleimenov, Nikolay"]
[Black "Gutierrez Olivares, Daniel"]
[Result "0-1"]
[WhiteElo "2137"]
[BlackElo "2354"]
[PlyCount "78"]
[EventDate "2025.02.25"]
[EventType "swiss (blitz)"]
[EventRounds "11"]
[EventCountry "USA"]
[SourceTitle "CB10_2025"]
[SourceDate "2025.03.05"]
[SourceVersion "1"]
[SourceVersionDate "2025.03.05"]
[SourceQuality "1"]

1. e4 e6 2. d4 d5 3. Nc3 Bb4 4. e5 Ne7 5. a3 Ba5 6. b4 Bb6 7. Qg4 Nf5 8. Be3 h5 9. Qf4 g5 10. Qxg5 Qxg5 11. Bxg5 Bxd4 12. Nge2 Bxe5 13. 0-0-0 a6 14. g3 Nc6 15. Bh3 Nfd4 16. Bg2 Nb5 17. Nb1 Bd7 18. Rhe1 f6 19. Be3 0-0-0 20. a4 Nd6 21. f4 Nc4 22. Bd4 Bxd4 23. Nxd4 Nxb4 24. c3 Na2+ 25. Kc2 Bxa4+ 26. Nb3 Na5 27. N1d2 c5 28. Kb2 c4 29. Nxa5 Bxd1 30. Rxd1 b6 31. Nc6 Rd6 32. Nd4 Nxc3 33. Kxc3 b5 34. Nxe6 Rxe6 35. Bh3 Rhe8 36. Nf3 Kc7 37. Bxe6 Rxe6 38. Kd4 Kc6 39. Nh4 b4 0-1

[Event "Titled Tuesday intern op 11th Feb Early"]
[Site "Chess.com INT"]
[Date "2025.02.11"]
[Round "6"]
[White "Kleimenov, Nikolay"]
[Black "Buscar, Michael"]
[Result "1-0"]
[WhiteElo "2137"]
[BlackElo "2016"]
[PlyCount "55"]
[EventDate "2025.02.11"]
[EventType "swiss (blitz)"]
[EventRounds "11"]
[EventCountry "USA"]
[SourceTitle "CB09_2025"]
[SourceDate "2025.02.27"]
[SourceVersion "1"]
[SourceVersionDate "2025.02.27"]
[SourceQuality "1"]

1. e4 c5 2. Nf3 Nc6 3. Bb5 Nf6 4. Bxc6 bxc6 5. d3 g6 6. 0-0 Bg7 7. Re1 0-0 8. e5 Nd5 9. c4 Nc7 10. d4 cxd4 11. Qxd4 Ne6 12. Qh4 d6 13. Bh6 dxe5 14. Bxg7 Kxg7 15. Nxe5 Bb7 16. Nc3 c5 17. Rad1 Nd4 18. Nb5 e6 19. Qg4 Qa5 20. Nxd4 cxd4 21. Qxd4 Rad8 22. Nd7+ Kh6 23. Qh4+ Qh5 24. Qf4+ Qg5 25. Qxg5+ Kxg5 26. Nxf8 Rxf8 27. Rd7 Bc6 28. Rc7 1-0

[Event "Titled Tuesday intern op 11th Feb Early"]
[Site "Chess.com INT"]
[Date "2025.02.11"]
[Round "7"]
[White "Muniz, Francisco Allysson"]
[Black "Kleimenov, Nikolay"]
[Result "1-0"]
[WhiteElo "2165"]
[BlackElo "2137"]
[PlyCount "95"]
[EventDate "2025.02.11"]
[EventType "swiss (blitz)"]
[EventRounds "11"]
[EventCountry "USA"]
[SourceTitle "CB08_2025"]
[SourceDate "2025.02.19"]
[SourceVersion "1"]
[SourceVersionDate "2025.02.19"]
[SourceQuality "1"]

1. d4 Nf6 2. c4 g6 3. Nc3 Bg7 4. e4 d6 5. f3 0-0 6. Be3 a6 7. Qd2 c5 8. d5 Nbd7 9. Nge2 b5 10. cxb5 axb5 11. Nxb5 Ba6 12. Nec3 Qa5 13. a4 Rfb8 14. Rb1 Nb6 15. b3 Nfd7 16. Nd1 Bxb5 17. Bxb5 Ne5 18. Qxa5 Rxa5 19. Bd2 Raa8 20. Ne3 c4 21. Ke2 cxb3 22. Rxb3 Nbd7 23. Bb4 Nb6 24. f4 Nxa4 25. Bxd6 exd6 26. Bxa4 Rxb3 27. Bxb3 Nd7 28. Rb1 Nc5 29. Bc2 Ra2 30. Rb8+ Bf8 31. Kf3 Kg7 32. g4 Be7 33. g5 h6 34. h4 hxg5 35. hxg5 Ra3 36. Re8 Bf8 37. f5 gxf5 38. Kf4 fxe4 39. Nf5+ Kg6 40. Bxe4 Nxe4 41. Rxf8 Nc3 42. Rg8+ Kh7 43. Rg7+ Kh8 44. Rxf7 Nxd5+ 45. Kg4 Ra4+ 46. Kh5 Ra1 47. Rf8+ Kh7 48. g6# 1-0

[Event "Titled Tuesday intern op 28th Jan Early"]
[Site "Chess.com INT"]
[Date "2025.01.28"]
[Round "7"]
[White "Beerdsen, Thomas"]
[Black "Kleimenov, Nikolay"]
[Result "1/2-1/2"]
[WhiteElo "2501"]
[BlackElo "2123"]
[PlyCount "138"]
[EventDate "2025.01.28"]
[EventType "swiss (blitz)"]
[EventRounds "11"]
[EventCountry "USA"]
[SourceTitle "CB06_2025"]
[SourceDate "2025.02.05"]
[SourceVersion "1"]
[SourceVersionDate "2025.02.05"]
[SourceQuality "1"]

1. e4 c5 2. Nf3 d6 3. d4 cxd4 4. Nxd4 Nf6 5. Nc3 g6 6. h3 Bg7 7. Nf3 0-0 8. Bc4 Nc6 9. 0-0 a6 10. Qe2 b5 11. Bb3 Bb7 12. Bg5 h6 13. Bh4 Rc8 14. Rad1 Qa5 15. e5 dxe5 16. Nxe5 Nxe5 17. Qxe5 Nd5 18. Qe1 Nxc3 19. bxc3 e6 20. Rd7 Bc6 21. Rxf7 Rxf7 22. Qxe6 Rcf8 23. Qxc6 Kh7 24. Bxf7 Rxf7 25. Bg3 Qxa2 26. Re1 Qxc2 27. Qxa6 Qxc3 28. Re6 Qb3 29. Kh2 Qb1 30. Rb6 b4 31. Rb7 Rxb7 32. Qxb7 Qb2 33. h4 h5 34. f4 b3 35. f5 gxf5 36. Qf7 Qf6 37. Qxb3 f4 38. Bf2 Qf5 39. Qb7 Kg6 40. Qc6+ Kh7 41. Qe8 f3 42. gxf3 Qxf3 43. Bg3 Qf5 44. Qe7 Qc2+ 45. Kh1 Qf5 46. Kg2 Qc2+ 47. Bf2 Qf5 48. Qb7 Qg6+ 49. Kf1 Qd3+ 50. Ke1 Qg6 51. Ke2 Kg8 52. Qc8+ Kh7 53. Qc4 Qg4+ 54. Qxg4 hxg4 55. Ke3 Kg6 56. Kf4 Kh5 57. Bg3 Bf8 58. Ke3 Bc5+ 59. Ke2 Be7 60. Kf2 Bf6 61. Kg2 Bd4 62. Kh2 Bf6 63. Kg2 Bxh4 64. Bxh4 Kxh4 65. Kh2 g3+ 66. Kg2 Kg4 67. Kg1 Kf3 68. Kf1 g2+ 69. Kg1 Kg3 1/2-1/2

[Event "Titled Tuesday intern op 28th Jan Early"]
[Site "Chess.com INT"]
[Date "2025.01.28"]
[Round "3"]
[White "Kleimenov, Nikolay"]
[Black "Amato, Leonel"]
[Result "1-0"]
[WhiteElo "2123"]
[BlackElo "2158"]
[PlyCount "215"]
[EventDate "2025.01.28"]
[EventType "swiss (blitz)"]
[EventRounds "11"]
[EventCountry "USA"]
[SourceTitle "CB06_2025"]
[SourceDate "2025.02.05"]
[SourceVersion "1"]
[SourceVersionDate "2025.02.05"]
[SourceQuality "1"]

1. e4 c5 2. Nf3 e6 3. d4 cxd4 4. Nxd4 a6 5. a3 Qc7 6. c4 Nf6 7. Nc3 Nc6 8. Be3 Be7 9. f3 0-0 10. Qd2 d6 11. Be2 Nxd4 12. Qxd4 e5 13. Qd2 Be6 14. Rc1 Rac8 15. 0-0 Qb8 16. Kh1 Nd7 17. Rfd1 Rfd8 18. Qe1 Bxc4 19. Bxc4 Rxc4 20. Nd5 Rxc1 21. Rxc1 Bf8 22. Rc7 Nc5 23. Qg3 Ne6 24. Nf6+ Kh8 25. Rxf7 gxf6 26. Qh3 Ng7 27. Qh6 Qc8 28. Qxf6 Kg8 29. Bh6 Rd7 30. Rxd7 Qxd7 31. h3 Qe6 32. Bxg7 Qxf6 33. Bxf6 Kf7 34. Bg5 Kg6 35. Be3 Kf7 36. Kg1 Ke6 37. Kf2 d5 38. exd5+ Kxd5 39. Ke2 b5 40. Kd3 b4 41. a4 Bg7 42. b3 Bf6 43. Bd2 Be7 44. Be1 Bf8 45. Bh4 Bd6 46. Bd8 Bf8 47. Bb6 Be7 48. Ke3 Bg5+ 49. Kd3 Be7 50. g3 Bf8 51. h4 Bd6 52. Be3 Bc7 53. Bd2 Bd6 54. Ke3 Be7 55. f4 exf4+ 56. Kxf4 Kd4 57. Kf5 Kd3 58. Bg5 Bc5 59. Bf6 Kc2 60. g4 Kxb3 61. g5 Kxa4 62. h5 Kb3 63. g6 hxg6+ 64. hxg6 Bf8 65. Ke6 Kc2 66. Kf7 Bh6 67. Bg7 Bxg7 68. Kxg7 b3 69. Kf6 b2 70. g7 b1Q 71. g8Q Qb2+ 72. Kf5 Qb5+ 73. Ke4 Qd3+ 74. Kf4 Qd4+ 75. Kf5 Qc5+ 76. Ke4 a5 77. Qa2+ Kc3 78. Qa1+ Kb4 79. Qb2+ Ka4 80. Qa2+ Qa3 81. Qc2+ Qb3 82. Qc6+ Ka3 83. Qc1+ Qb2 84. Qc6 a4 85. Kd3 Qb3+ 86. Ke4 Kb2 87. Qf6+ Qc3 88. Qb6+ Kc1 89. Qg1+ Kc2 90. Kf5 a3 91. Qf2+ Kb3 92. Qb6+ Qb4 93. Qe3+ Qc3 94. Qb6+ Kc2 95. Qf2+ Qd2 96. Qc5+ Kb2 97. Qb5+ Ka1 98. Qf1+ Ka2 99. Qc4+ Kb2 100. Qb5+ Kc2 101. Qc4+ Qc3 102. Qe2+ Kb1 103. Qb5+ Ka2 104. Qe2+ Qb2 105. Qc4+ Ka1 106. Kg6 a2 107. Kf7 Qb1 108. Qc3+ 1-0

[Event "Titled Tuesday intern op 28th Jan Early"]
[Site "Chess.com INT"]
[Date "2025.01.28"]
[Round "6"]
[White "Kleimenov, Nikolay"]
[Black "Pniaczek, Marek"]
[Result "1-0"]
[WhiteElo "2123"]
[BlackElo "2132"]
[PlyCount "73"]
[EventDate "2025.01.28"]
[EventType "swiss (blitz)"]
[EventRounds "11"]
[EventCountry "USA"]
[SourceTitle "CB06_2025"]
[SourceDate "2025.02.05"]
[SourceVersion "1"]
[SourceVersionDate "2025.02.05"]
[SourceQuality "1"]

1. e4 c5 2. Nf3 Nc6 3. Bb5 e6 4. Bxc6 bxc6 5. d3 Ne7 6. Nbd2 d6 7. e5 d5 8. c4 Nf5 9. 0-0 Be7 10. b3 0-0 11. Qe2 a5 12. a4 Rb8 13. Bb2 Ba6 14. Rfe1 dxc4 15. dxc4 Nd4 16. Bxd4 cxd4 17. Rad1 c5 18. Qd3 Rb4 19. Ne4 Bb7 20. Re2 h6 21. Ne1 Qb8 22. Rb1 Qxe5 23. Nc3 Qg5 24. Nb5 e5 25. f3 Re8 26. Nc2 f5 27. Nxb4 axb4 28. Rxe5 Rf8 29. Rbe1 Bf6 30. Rxc5 Qh4 31. g3 Qh3 32. Qxf5 Qxf5 33. Rxf5 d3 34. Nd6 Bd4+ 35. Kg2 d2 36. Rxf8+ Kxf8 37. Re8# 1-0

[Event "Titled Tuesday intern op 28th Jan Early"]
[Site "Chess.com INT"]
[Date "2025.01.28"]
[Round "8"]
[White "Lianes Garcia, Marcos"]
[Black "Kleimenov, Nikolay"]
[Result "1-0"]
[WhiteElo "2398"]
[BlackElo "2123"]
[PlyCount "121"]
[EventDate "2025.01.28"]
[EventType "swiss (blitz)"]
[EventRounds "11"]
[EventCountry "USA"]
[SourceTitle "CB06_2025"]
[SourceDate "2025.02.05"]
[SourceVersion "1"]
[SourceVersionDate "2025.02.05"]
[SourceQuality "1"]

1. e4 c5 2. g3 Nc6 3. Bg2 e6 4. Ne2 Nf6 5. 0-0 d5 6. exd5 Nxd5 7. d4 Be7 8. c4 Ndb4 9. d5 exd5 10. cxd5 Ne5 11. Nbc3 0-0 12. h3 Bf5 13. a3 Nbd3 14. g4 Bg6 15. f4 Nxc1 16. Rxc1 Nd3 17. f5 Nxc1 18. Qxc1 Bg5 19. Qc2 Bh5 20. gxh5 Re8 21. Ne4 Be3+ 22. Kh1 Qh4 23. Qd3 Bh6 24. Qg3 Rxe4 25. Bxe4 Qxe4+ 26. Qg2 Re8 27. Qxe4 Rxe4 28. Nc3 Rd4 29. Rd1 Rxd1+ 30. Nxd1 Kf8 31. Kg2 Ke7 32. Kf3 Kd6 33. Ke4 f6 34. a4 b6 35. b3 Bd2 36. Nb2 Bc3 37. Nc4+ Kd7 38. d6 Kc6 39. d7 Kxd7 40. Kd5 Be5 41. h6 gxh6 42. Nxe5+ fxe5 43. Kxe5 Ke7 44. Kd5 Kd7 45. f6 h5 46. h4 a6 47. a5 bxa5 48. Kxc5 Ke6 49. Kb6 a4 50. bxa4 Kxf6 51. Kxa6 Kf5 52. a5 Kg4 53. Kb5 Kxh4 54. a6 Kg3 55. a7 h4 56. a8Q h3 57. Qh1 h2 58. Kc4 h5 59. Kd3 h4 60. Ke3 Kh3 61. Qf3# 1-0

[Event "Titled Tuesday intern op 28th Jan Early"]
[Site "Chess.com INT"]
[Date "2025.01.28"]
[Round "2"]
[White "Martinez Alcantara, Jose Eduardo"]
[Black "Kleimenov, Nikolay"]
[Result "1-0"]
[WhiteElo "2606"]
[BlackElo "2123"]
[PlyCount "93"]
[EventDate "2025.01.28"]
[EventType "swiss (blitz)"]
[EventRounds "11"]
[EventCountry "USA"]
[SourceTitle "CB06_2025"]
[SourceDate "2025.02.05"]
[SourceVersion "1"]
[SourceVersionDate "2025.02.05"]
[SourceQuality "1"]

1. e4 c5 2. Nf3 e6 3. c3 Nf6 4. Bd3 d5 5. e5 Nfd7 6. Bc2 c4 7. d4 cxd3 8. Bxd3 Nc6 9. Qe2 Qc7 10. Bf4 Be7 11. h4 b6 12. Nbd2 Nc5 13. Bb5 a6 14. Bxc6+ Qxc6 15. Nd4 Qc7 16. 0-0 Bd7 17. Bg3 b5 18. Rad1 Rc8 19. Qg4 Kf8 20. Qf3 Ke8 21. Rfe1 Na4 22. Rb1 b4 23. c4 dxc4 24. Ne4 Bc6 25. Qg4 Bxe4 26. Rxe4 g6 27. h5 c3 28. b3 Nc5 29. Re2 Rd8 30. Nc2 a5 31. a3 Nd3 32. axb4 axb4 33. Ra1 Kf8 34. h6 Qb7 35. Re3 Nc5 36. Rb1 Rd2 37. Ne1 Ke8 38. Re2 Rxe2 39. Qxe2 Kd7 40. Nc2 Rd8 41. Qc4 Ke8 42. Nxb4 Ne4 43. Nc6 Nxg3 44. Nxd8 Ne4 45. Nxb7 Nd2 46. Qc8+ Bd8 47. Qxd8# 1-0

[Event "Titled Tuesday intern op 14th Jan Early"]
[Site "Chess.com INT"]
[Date "2025.01.14"]
[Round "10"]
[White "Gokerkan, Cem Kaan"]
[Black "Kleimenov, Nikolay"]
[Result "1-0"]
[WhiteElo "2473"]
[BlackElo "2123"]
[PlyCount "59"]
[EventDate "2025.01.14"]
[EventType "swiss (blitz)"]
[EventRounds "11"]
[EventCountry "USA"]
[SourceTitle "CB04_2025"]
[SourceDate "2025.01.22"]
[SourceVersion "1"]
[SourceVersionDate "2025.01.22"]
[SourceQuality "1"]

1. e4 c5 2. c3 d5 3. exd5 Nf6 4. Qa4+ Nbd7 5. Qb3 g6 6. Nf3 Bg7 7. Be2 0-0 8. 0-0 a6 9. c4 b6 10. Nc3 Bb7 11. Rd1 e6 12. dxe6 fxe6 13. d4 cxd4 14. Nxd4 Qe7 15. Bg5 h6 16. Bh4 Nc5 17. Qxb6 Rab8 18. b4 Rfc8 19. bxc5 Bxg2 20. Qxe6+ Qxe6 21. Nxe6 Bh3 22. Nxg7 Kxg7 23. Nd5 g5 24. Bg3 Rb2 25. Bf1 Bxf1 26. Kxf1 Kf7 27. Be5 Rxf2+ 28. Kxf2 Ng4+ 29. Kg3 Nxe5 30. Rf1+ 1-0

[Event "Titled Tuesday intern op 14th Jan Early"]
[Site "Chess.com INT"]
[Date "2025.01.14"]
[Round "2"]
[White "Kleimenov, Nikolay"]
[Black "Giri, Anish"]
[Result "0-1"]
[WhiteElo "2123"]
[BlackElo "2731"]
[PlyCount "86"]
[EventDate "2025.01.14"]
[EventType "swiss (blitz)"]
[EventRounds "11"]
[EventCountry "USA"]
[SourceTitle "CB04_2025"]
[SourceDate "2025.01.22"]
[SourceVersion "1"]
[SourceVersionDate "2025.01.22"]
[SourceQuality "1"]

1. e4 c5 2. Nf3 d6 3. d4 cxd4 4. Nxd4 Nf6 5. Nc3 a6 6. h3 e5 7. Nb3 Be7 8. g4 h6 9. Be3 b5 10. Nd5 Bb7 11. Bb6 Qc8 12. Nc7+ Kf8 13. f3 Nbd7 14. Nxa8 Qxa8 15. Bf2 Bxe4 16. Be2 Bg6 17. Qd2 Nd5 18. h4 Nf4 19. Be3 Ng2+ 20. Kf2 Nxe3 21. Qxe3 h5 22. g5 Kg8 23. Bd3 Kh7 24. Rad1 d5 25. Bxg6+ fxg6 26. Qd3 Nb6 27. Rhe1 Qb8 28. Kg2 Rf8 29. Nd4 Qd6 30. Ne2 b4 31. Ng3 a5 32. c3 bxc3 33. bxc3 Qe6 34. Qd4 Qf7 35. Qxb6 Qxf3+ 36. Kh2 Rf4 37. Qe3 Rxh4+ 38. Kg1 Bc5 39. Rd4 Qxe3+ 40. Rxe3 exd4 41. Rd3 dxc3+ 42. Kg2 c2 43. Ne2 Re4 0-1

[Event "Titled Tuesday intern op 14th Jan Early"]
[Site "Chess.com INT"]
[Date "2025.01.14"]
[Round "9"]
[White "Kleimenov, Nikolay"]
[Black "Rasti, Arvin"]
[Result "1-0"]
[WhiteElo "2123"]
[BlackElo "2185"]
[PlyCount "81"]
[EventDate "2025.01.14"]
[EventType "swiss (blitz)"]
[EventRounds "11"]
[EventCountry "USA"]
[SourceTitle "CB04_2025"]
[SourceDate "2025.01.22"]
[SourceVersion "1"]
[SourceVersionDate "2025.01.22"]
[SourceQuality "1"]

1. e4 e6 2. d4 d5 3. Nc3 Nf6 4. Bg5 h6 5. Bxf6 Qxf6 6. exd5 Bb4 7. Bc4 0-0 8. Nge2 exd5 9. Bxd5 Nc6 10. 0-0 Bf5 11. Bf3 Rad8 12. Nd5 Qg6 13. Nef4 Qh7 14. c3 Bd6 15. Nh5 Qg6 16. Ng3 Be6 17. Ne3 f5 18. Bh5 Qg5 19. Re1 Ne7 20. Be2 Ng6 21. Bd3 Nh4 22. Qh5 Qf6 23. Bc4 Bxc4 24. Nxc4 Bf4 25. Qe2 Rde8 26. Ne5 c5 27. Qc4+ Kh7 28. Nd3 Bb8 29. Nxc5 f4 30. Nge4 Qg6 31. g3 fxg3 32. hxg3 Nf3+ 33. Kg2 b6 34. Qd3 Nxe1+ 35. Rxe1 bxc5 36. Ng5+ hxg5 37. Rh1+ Kg8 38. Qxg6 Re2 39. Rh7 Rfxf2+ 40. Kh3 Rg2 41. Qxg7# 1-0

[Event "Titled Tuesday intern op 07th Jan Early"]
[Site "Chess.com INT"]
[Date "2025.01.07"]
[Round "11"]
[White "Kleimenov, Nikolay"]
[Black "Gasparyan, Davit"]
[Result "1-0"]
[WhiteElo "2123"]
[BlackElo "2263"]
[PlyCount "65"]
[EventDate "2025.01.07"]
[EventType "swiss (blitz)"]
[EventRounds "11"]
[EventCountry "USA"]
[SourceTitle "CB03_2025"]
[SourceDate "2025.01.15"]
[SourceVersion "1"]
[SourceVersionDate "2025.01.15"]
[SourceQuality "1"]

1. e4 c5 2. Nf3 g6 3. d4 cxd4 4. Qxd4 Nf6 5. Bb5 Nc6 6. Bxc6 bxc6 7. e5 Nd5 8. c4 Nb4 9. Qc3 Rb8 10. 0-0 Bg7 11. a3 Na6 12. Qd4 Qb6 13. Qh4 Nc5 14. Nc3 Nb3 15. Be3 Qa5 16. Rad1 Ba6 17. Rfe1 h6 18. Qg4 Qc7 19. e6 dxe6 20. Bf4 e5 21. Nxe5 g5 22. Rd7 Bc8 23. Rxc7 Bxg4 24. Nxg4 gxf4 25. Rexe7+ Kd8 26. Rxf7 Bxc3 27. bxc3 Nc5 28. h4 Re8 29. Kh2 h5 30. Nf6 Re1 31. Rxa7 Ne6 32. Rfe7 Rbb1 33. Re8# 1-0

[Event "Titled Tuesday intern op 07th Jan Early"]
[Site "Chess.com INT"]
[Date "2025.01.07"]
[Round "4"]
[White "Kleimenov, Nikolay"]
[Black "Korol, Dimitry"]
[Result "0-1"]
[WhiteElo "2123"]
[BlackElo "2287"]
[PlyCount "54"]
[EventDate "2025.01.07"]
[EventType "swiss (blitz)"]
[EventRounds "11"]
[EventCountry "USA"]
[SourceTitle "CB03_2025"]
[SourceDate "2025.01.15"]
[SourceVersion "1"]
[SourceVersionDate "2025.01.15"]
[SourceQuality "1"]

1. e4 c5 2. Nf3 d6 3. d4 cxd4 4. Nxd4 Nf6 5. Nc3 g6 6. Be3 Bg7 7. f3 0-0 8. Qd2 Nc6 9. 0-0-0 d5 10. exd5 Nxd5 11. Nxc6 bxc6 12. Bd4 e5 13. Bc5 Be6 14. Ne4 Rb8 15. h4 f5 16. Ng5 e4 17. Bd4 e3 18. Qd3 Nb4 19. Qxe3 Nxa2+ 20. Kb1 Rxb2+ 21. Kxb2 Qb6+ 22. Ka1 Bd5 23. c4 Rb8 24. cxd5 Bxd4+ 25. Qxd4 Qa5 26. Bb5 Rxb5 27. Qb2 Nc3+ 0-1